| 000 | 00388nam a22001337a 4500 | ||
|---|---|---|---|
| 082 | _aP-102 | ||
| 100 |
_aUmar syn no 11 _947785 |
||
| 245 | _aArchitectural Considerations with Building Construction Techniques for Risalpur | ||
| 260 |
_aRisalpur _bMCE _c19 April 2000 |
||
| 526 |
_a0 _b0 _c0 _dP_102 |
||
| 650 |
_aProjects _947786 |
||
| 700 |
_aMubashar Ahmed Khan _947787 |
||
| 942 |
_2ddc _cBK |
||
| 999 |
_c550924 _d550924 |
||